书目信息 |
| 题名: |
几许丹青院画中
|
|
| 作者: | 徐燕露 著 | |
| 分册: | ||
| 出版信息: | 杭州 杭州出版社 2022 |
|
| 页数: | 187页 | |
| 开本: | 24cm | |
| 丛书名: | 杭州优秀传统文化丛书 | |
| 单 册: | ||
| 中图分类: | J209.244.2 , J209 | |
| 科图分类: | ||
| 主题词: | 宫廷--绘画史--研究--中国--南宋 | |
| 电子资源: | ||
| ISBN: | 978-7-5565-1700-8 | |
| 000 | 00786oam2 2200253 450 | |
| 001 | 2344014481 | |
| 005 | 20231204121346.59 | |
| 010 | @a978-7-5565-1700-8@dCNY58.00 | |
| 100 | @a20230106d2022 em y0chiy50 ea | |
| 101 | 0 | @achi |
| 102 | @aCN@b330000 | |
| 105 | @aa z 000yd | |
| 200 | 1 | @a几许丹青院画中@Aji xu dan qing yuan hua zhong@f徐燕露著 |
| 210 | @a杭州@c杭州出版社@d2022 | |
| 215 | @a187页@d24cm | |
| 225 | 1 | @a杭州优秀传统文化丛书 |
| 330 | @a本书以时间为脉络,生动展现九位最具代表性的南宋院画家的精彩人生片段,引读者去遥想画中乾坤。 | |
| 410 | 0 | @12001 @a杭州优秀传统文化丛书 |
| 606 | 0 | @a宫廷@x绘画史@x研究@y中国@z南宋 |
| 690 | @aJ209.244.2@v5 | |
| 690 | @aJ209@v4 | |
| 701 | 0 | @a徐燕露@Axu yan lu@4著 |
| 801 | 0 | @aCN@b91MARC@c20230203 |
| 905 | @aZUCC@dJ209@e3 | |
| 几许丹青院画中/徐燕露著.-杭州:杭州出版社,2022 |
| 187页;24cm.-(杭州优秀传统文化丛书) |
| ISBN 978-7-5565-1700-8:CNY58.00 |
| 本书以时间为脉络,生动展现九位最具代表性的南宋院画家的精彩人生片段,引读者去遥想画中乾坤。 |
| ● |
| 相关链接 |
|
|
|
正题名:几许丹青院画中
索取号:J209/3
 
预约/预借
| 序号 | 登录号 | 条形码 | 馆藏地/架位号 | 状态 | 备注 |
| 1 | 2001259381 | 2001259381 | 辽宁北方(第一批)/辽宁北方(第一批)/147/ [索取号:J209/3] | 在馆 | |
| 2 | 2001259382 | 2001259382 | 辽宁北方(第一批)/辽宁北方(第一批)/147/ [索取号:J209/3] | 在馆 | |
| 3 | 2001259383 | 2001259383 | 辽宁北方(第一批)/辽宁北方(第一批)/147/ [索取号:J209/3] | 在馆 | |
| 4 | 2001259384 | 2001259384 | 辽宁北方(第一批)/辽宁北方(第一批)/147/ [索取号:J209/3] | 在馆 | |
| 5 | 2001259385 | 2001259385 | 辽宁北方(第一批)/辽宁北方(第一批)/147/ [索取号:J209/3] | 在馆 | |
| 6 | 2001259386 | 2001259386 | 辽宁北方(第一批)/辽宁北方(第一批)/147/ [索取号:J209/3] | 在馆 |